000 00595nam a2200205Ia 4500
999 _c8650
_d8650
003 OSt
005 20210802104110.0
008 151021s9999 xx 000 0 und d
020 _a136135536
040 _aMMU
_beng
_cMMU
_dMMU
050 _aQA 76.9 .D5T36 2007
245 _aDistributed systems :
_bPrinciples and paradigms /
_c Andrew S.Tanenbaum.
250 _a 2nd ed.
260 _aUpper Saddle,NJ :
_bPearson Education,
_c2007.
300 _axviii, 686 p. :
500 _aIncludes includes .
650 _aDistributed Systems
700 _aMaarten Van steen
942 _2lcc
_cLOAN LOAN